Formula 1 2023 calendar - Statistics

General Stats
  • This quiz has been taken 467 times
  • The average score is 14 of 23
Answer Stats
Date Track % Correct
3rd September Monza
80%
30th July Spa Francorchamps
79%
28th May Monaco
78%
18th November Las Vegas
73%
21th May Imola
72%
7th May Miami
71%
9th July Silverstone
70%
30th April Baku
66%
19th March Jeddah
65%
4th June Catalunya
63%
22nd October Austin
62%
2nd April Melbourne
62%
24th September Suzuka
62%
2nd July Red Bull Ring
61%
27th August Zandvoort
60%
29th October Mexico City
58%
26th November Yas Marina
58%
23rd July Hungaroring
51%
5th November Interlagos
48%
17th September Marina Bay
47%
18th June Montreal
47%
5th March Sakhir
46%
8th October Losail
31%
No matching quizzes found
Score Distribution
Percent of People with Each Score
Percentile by Number Answered
Your Score History
You have not taken this quiz